01092 2200385 4500001002100000005001500021035002000036007000300056008004100059040001700100100001800117245007000135250001000205300003700215504002800252020002200280041000800302082000800310084001400318090002000332260004800352700002800400850001000428650001800438990002500456990002500481990002500506990002500531990002500556990002500581990002500606990002500631990002500656990002500681INLIS00000000000246620260602074910 a0010-0220000317ta260602 0  aSBPUPADbind0 aArdhian Eko H1 aKompilasi Hukum Korupsi /cArdhian Eko H, Penyunting: Abd. Kholiq aCet.1 aVIII, 100 hlm. :bilus. ;c21 cm aBibliografi, hlm 99-100 a978-602-6556-79-007aInd a340 a340 ARD k a723 YOH a L21-7 aYogyakarta :bGrup Relasi Inti Media,c20170 aPenyunting: Abd. Kholiq aPUPAD 4aHukum Korupsi a31.737/APBD/DPK/2019 a31.738/APBD/DPK/2019 a31.739/APBD/DPK/2019 a31.739/APBD/DPK/2019 a31.738/APBD/DPK/2019 a31.737/APBD/DPK/2019 a31.739/APBD/DPK/2019 a31.738/APBD/DPK/2019 a31.737/APBD/DPK/2019 a31.740/APBD/DPK/2019